00660nam a2200241 a 4500001001300000003000900013005001700022008004100039020001000080082001600090100001600106245002300122260002900145300000900174500003500183505001000218650002700228700001600255902000800271942000700279952011700286999001500403nice12345678IN_TiNIC20260116013050.0050524s1953 lona grp 000 0 eng  ac10000a231.76bOLD aOldham, J H aLife Is Commitment aLondonbScm Press c1953 a140p aincludes index and biblioraphy2 aIndex aPhilosophical-Theology1 aOldham, J H bSRS cBK 001040708StackRoom-aHMIbHMId2007-06-15g100.00l0o231.76 OLDp016523r2007-06-15v100.00w2005-05-24yBK c9503d9503